000 00423nmm a2200157Ia 4500
008 251105s9999||||xx |||||||||||||||||und||
020 _a9788435061261
041 _aspa
100 _aGranados, Juan A.
245 0 _aEl gran capitán
264 _a[Madrid, España] :
_bEdhasa,
_c2015
300 _a640 páginas
650 _aHistorical fiction
856 _uhttps://public.digitaliapublishing.com/a/40152
942 _cCF
999 _c82193
_d82193